000 00869nam a22002297a 4500
003 UA-OsUOA
001 50845
007 ta
008 20140707b un ||||| |||| 00| 0 ukr d
090 _a082/930.1
_bИ99
942 _cBK
040 _aUA-OsUOA
_bukr
_cUA-OsUOA
_dUA-OsUOA
245 _aІсторія української археографії: персоналії
_bВип. 1
_cМикола Костомаров, Дмитро Багалій, Володимир Антонович, Михайло Грушевський, о. Атанасій Великий
300 _a97 с.
955 _a1
041 _aukr
080 _a082/930.1
260 _aК.
_c1993
650 7 _a08 Видання. Колективні праці
_2UDC
999 _c430974
_d430974